[Event "Titled Tuesday intern op 12th Mar Late"]
[Site "Chess.com INT"]
[Date "2024.03.12"]
[Round "9"]
[White "Blanco Diez, David"]
[Black "Funderburg, John T"]
[Result "1-0"]
[WhiteElo "2310"]
[BlackElo "2100"]
[PlyCount "57"]
[EventDate "2024.03.12"]
[EventType "swiss (blitz)"]
[EventRounds "11"]
[EventCountry "USA"]
[SourceTitle "CB12_2024"]
[SourceDate "2023.10.01"]
[SourceVersion "1"]
[SourceVersionDate "2023.10.01"]
[SourceQuality "1"]

1. Nf3 d5 2. b3 Nf6 3. Bb2 Bf5 4. e3 e6 5. d4 Be7 6. Bd3 Bg6 7. 0-0 Nbd7 8. c4 c6 9. Nc3 0-0 10. Bxg6 hxg6 11. Qc2 Nb6 12. Qd3 a5 13. a4 dxc4 14. bxc4 c5 15. Rfd1 cxd4 16. exd4 Rc8 17. Ne5 Bb4 18. Nb5 Qe7 19. Qb3 Rfd8 20. Rab1 Ne4 21. Ba3 Qf6 22. Qe3 Bxa3 23. Nxa3 Nd6 24. Rxb6 Nf5 25. Qe4 Qe7 26. Nb5 Qb4 27. Rxb7 Nxd4 28. Nxd4 Rxd4 29. Rxd4 1-0

[Event "Titled Tuesday intern op 12th Mar Late"]
[Site "Chess.com INT"]
[Date "2024.03.12"]
[Round "7"]
[White "Kostiukov, Alexandr"]
[Black "Funderburg, John T"]
[Result "0-1"]
[WhiteElo "2271"]
[BlackElo "2100"]
[PlyCount "92"]
[EventDate "2024.03.12"]
[EventType "swiss (blitz)"]
[EventRounds "11"]
[EventCountry "USA"]
[SourceTitle "CB12_2024"]
[SourceDate "2023.10.01"]
[SourceVersion "1"]
[SourceVersionDate "2023.10.01"]
[SourceQuality "1"]

1. g3 Nf6 2. Bg2 d5 3. d3 Bf5 4. Nc3 c6 5. e4 dxe4 6. Nxe4 e6 7. Qe2 Nbd7 8. Nf3 h6 9. 0-0 Be7 10. Bd2 0-0 11. Bc3 Nd5 12. Bd2 N7f6 13. Rad1 Bh7 14. a3 a5 15. Rfe1 Re8 16. c3 Qb6 17. Bc1 a4 18. h3 Rad8 19. Ne5 Nxe4 20. Bxe4 Bxe4 21. Qxe4 Bf6 22. Ng4 Be7 23. d4 Bf8 24. Ne5 Nf6 25. Qe2 Rd5 26. Qf3 Red8 27. Kg2 Qc7 28. Bxh6 c5 29. Bg5 Be7 30. Bxf6 Bxf6 31. Ng4 cxd4 32. Nxf6+ gxf6 33. Qxf6 dxc3 34. Rxd5 Rxd5 35. Re4 Qc6 36. Kh2 Rf5 37. Rg4+ Kf8 38. Qd8+ Qe8 39. Rg8+ Kxg8 40. Qxe8+ Kg7 41. Qe7 Rxf2+ 42. Kg1 cxb2 43. Qg5+ Kf8 44. Qc5+ Kg8 45. Qb4 Rc2 46. Qh4 b1Q# 0-1

[Event "Titled Tuesday intern op 12th Mar Late"]
[Site "Chess.com INT"]
[Date "2024.03.12"]
[Round "11"]
[White "Rian, Kapriaga"]
[Black "Funderburg, John T"]
[Result "1-0"]
[WhiteElo "2089"]
[BlackElo "2100"]
[PlyCount "65"]
[EventDate "2024.03.12"]
[EventType "swiss (blitz)"]
[EventRounds "11"]
[EventCountry "USA"]
[SourceTitle "CB12_2024"]
[SourceDate "2023.10.01"]
[SourceVersion "1"]
[SourceVersionDate "2023.10.01"]
[SourceQuality "1"]

1. d4 Nf6 2. Nf3 d5 3. e3 b6 4. b3 Bb7 5. Be2 e6 6. 0-0 Be7 7. Bb2 Ne4 8. Nbd2 f5 9. Ne5 0-0 10. f3 Nxd2 11. Qxd2 Nd7 12. c4 Nxe5 13. dxe5 dxc4 14. Qxd8 Raxd8 15. Bxc4 Bd5 16. Be2 Bc5 17. Bd4 Ba3 18. Rfd1 c5 19. Bc3 Bc6 20. Rd6 Rxd6 21. exd6 Rd8 22. Rd1 Kf7 23. Be5 g6 24. Kf2 Ke8 25. h3 Kd7 26. g4 Rc8 27. h4 b5 28. h5 Bd5 29. Bxb5+ Bc6 30. Bc4 Bb4 31. gxf5 exf5 32. hxg6 hxg6 33. Rg1 1-0

[Event "Titled Tuesday intern op 24th Jan Late"]
[Site "Chess.com INT"]
[Date "2023.01.24"]
[Round "1"]
[White "Funderburg, John T"]
[Black "Hnydiuk, Aleksander"]
[Result "0-1"]
[WhiteElo "2100"]
[BlackElo "2364"]
[PlyCount "50"]
[EventDate "2023.01.24"]
[EventType "swiss (blitz)"]
[EventRounds "11"]
[EventCountry "USA"]
[SourceTitle "EXT 2024"]
[Source "ChessBase"]
[SourceDate "2023.10.10"]
[SourceVersion "1"]
[SourceVersionDate "2023.10.10"]
[SourceQuality "1"]

1. d4 Nf6 2. Nf3 e6 3. e3 b6 4. Bd3 Bb7 5. Nbd2 c5 6. c3 d6 7. 0-0 Be7 8. Re1 0-0 9. e4 cxd4 10. cxd4 Ba6 11. Bxa6 Nxa6 12. e5 Nd5 13. Ne4 Rc8 14. a3 Qc7 15. Qd3 Nb8 16. Nfg5 Qc2 17. Qh3 h6 18. exd6 Bxg5 19. Bxg5 hxg5 20. Nxg5 Qf5 21. Qh4 Nf6 22. h3 Nbd7 23. Re3 Rc2 24. Rf3 Qg6 25. Rg3 Qh5 0-1

[Event "Titled Tuesday intern op 24th Jan Late"]
[Site "Chess.com INT"]
[Date "2023.01.24"]
[Round "3"]
[White "Funderburg, John T"]
[Black "Slovineanu, Viacheslav"]
[Result "0-1"]
[WhiteElo "2100"]
[BlackElo "2412"]
[PlyCount "70"]
[EventDate "2023.01.24"]
[EventType "swiss (blitz)"]
[EventRounds "11"]
[EventCountry "USA"]
[SourceTitle "EXT 2024"]
[Source "ChessBase"]
[SourceDate "2023.10.10"]
[SourceVersion "1"]
[SourceVersionDate "2023.10.10"]
[SourceQuality "1"]

1. d4 Nf6 2. Nf3 d5 3. e3 e6 4. Bd3 c5 5. c3 Nbd7 6. Nbd2 Bd6 7. Qe2 0-0 8. 0-0 e5 9. dxe5 Nxe5 10. Nxe5 Bxe5 11. e4 dxe4 12. Nxe4 Re8 13. f4 Bc7 14. Nxf6+ gxf6 15. Qf3 f5 16. b3 Be6 17. c4 Qf6 18. Rb1 Rad8 19. Bb2 Qg6 20. Rbd1 Bd7 21. Qh3 Bc6 22. Bxf5 Qxg2+ 23. Qxg2+ Bxg2 24. Kxg2 Rxd1 25. Rxd1 Re2+ 26. Kf3 Rxb2 27. Rd7 Bb6 28. Rxb7 Rxa2 29. Rd7 Rxh2 30. Ke4 Rb2 31. Kd5 Rxb3 32. Be4 Rb2 33. Kc6 Rf2 34. f5 Kg7 35. Rd6 h5 0-1

[Event "Titled Tuesday intern op 17th May Early"]
[Site "Chess.com INT"]
[Date "2022.05.17"]
[Round "2"]
[White "Bambino Filho, Antonio Carlos"]
[Black "Funderburg, John T"]
[Result "0-1"]
[WhiteElo "2160"]
[BlackElo "2100"]
[PlyCount "60"]
[EventDate "2022.05.17"]
[EventType "swiss (blitz)"]
[EventRounds "11"]
[EventCountry "USA"]
[SourceTitle "CBM 208 Extra"]
[Source "ChessBase"]
[SourceDate "2022.07.31"]
[SourceVersion "1"]
[SourceVersionDate "2022.07.31"]
[SourceQuality "1"]

1. d4 Nf6 2. c4 e6 3. Nc3 Bb4 4. Qc2 Nc6 5. Nf3 h6 6. Bd2 0-0 7. e4 d6 8. 0-0-0 Qe7 9. a3 Bxc3 10. Bxc3 e5 11. d5 Nb8 12. h3 c6 13. Kb1 cxd5 14. cxd5 Nbd7 15. Rc1 Nc5 16. Bd3 Bd7 17. Bb4 Ba4 18. Qe2 Nb3 19. Rcd1 a5 20. Bc3 Rfc8 21. Bc2 b5 22. Nd2 b4 23. axb4 axb4 24. Bxb4 Nd4 25. Bxa4 Nxe2 26. Bc6 Rab8 27. Ba3 Nc3+ 28. Ka1 Nxd1 29. Rxd1 Nd7 30. Nc4 Nc5 0-1

[Event "Titled Tuesday intern op 08th Mar Early"]
[Site "Chess.com INT"]
[Date "2022.03.08"]
[Round "3"]
[White "Funderburg, John T"]
[Black "Gatterer, Florian"]
[Result "1-0"]
[WhiteElo "2100"]
[BlackElo "2165"]
[PlyCount "81"]
[EventDate "2022.03.08"]
[EventType "swiss (blitz)"]
[EventRounds "11"]
[EventCountry "USA"]
[SourceTitle "CBM 207 Extra"]
[Source "ChessBase"]
[SourceDate "2022.05.31"]
[SourceVersion "1"]
[SourceVersionDate "2022.05.31"]
[SourceQuality "1"]

1. e4 c5 2. Ne2 e6 3. d4 cxd4 4. Nxd4 Nc6 5. Nc3 Qc7 6. Be3 a6 7. Bd3 Nf6 8. Nxc6 bxc6 9. 0-0 d5 10. f4 Bb4 11. e5 Nd7 12. Na4 g6 13. c3 Be7 14. c4 Bb7 15. Rc1 0-0 16. Qc2 dxc4 17. Qxc4 c5 18. Be4 Bxe4 19. Qxe4 Rab8 20. b3 Rfc8 21. Rfd1 Rb4 22. Qd3 Rd8 23. Qxa6 c4 24. Rxc4 Rxc4 25. Qxc4 Qb7 26. Nc5 Nxc5 27. Rxd8+ Bxd8 28. Bxc5 Qd7 29. Qc2 Ba5 30. b4 Bc7 31. h3 h5 32. Kh2 Qd5 33. Qf2 Bd8 34. b5 Qc4 35. b6 Qb5 36. a4 Qxa4 37. b7 Qb5 38. Bb6 Bxb6 39. b8Q+ Kh7 40. Qbxb6 Qd5 41. Qbd4 1-0

[Event "Titled Tuesday intern op 01st Mar Early"]
[Site "Chess.com INT"]
[Date "2022.03.01"]
[Round "3"]
[White "Funderburg, John T"]
[Black "Hoffmann, Asa"]
[Result "1-0"]
[WhiteElo "2100"]
[BlackElo "2185"]
[PlyCount "115"]
[EventDate "2022.03.01"]
[EventType "swiss (blitz)"]
[EventRounds "11"]
[EventCountry "USA"]
[SourceTitle "CBM 207 Extra"]
[Source "ChessBase"]
[SourceDate "2022.05.31"]
[SourceVersion "1"]
[SourceVersionDate "2022.05.31"]
[SourceQuality "1"]

1. e4 d6 2. Bc4 Nf6 3. Nc3 c6 4. Bb3 e5 5. Nf3 Be7 6. d4 Qc7 7. h3 0-0 8. 0-0 Nbd7 9. a4 a5 10. Re1 h6 11. Be3 Re8 12. Qd2 Bf8 13. Nh4 exd4 14. Bxd4 Ne5 15. f4 c5 16. fxe5 cxd4 17. Nb5 Qc5 18. exf6 gxf6 19. Qxd4 Qxd4+ 20. Nxd4 Bd7 21. Nhf5 Re5 22. Rad1 Rae8 23. Bd5 b6 24. b3 Kh7 25. Nf3 Rxd5 26. exd5 Rc8 27. N3d4 Rc5 28. c4 Kg6 29. Ne7+ Kg7 30. Nec6 Bxc6 31. Nxc6 f5 32. Re8 f6 33. Rf1 Kf7 34. Rb8 Bg7 35. Rxf5 Kg6 36. g4 h5 37. Kg2 hxg4 38. hxg4 Bh6 39. Rb7 Bg5 40. Rf1 Be3 41. Kf3 Bd2 42. Rh1 f5 43. Ne7+ Kf6 44. Nxf5 Ke5 45. Re7+ Kf6 46. Re6+ Kf7 47. Rh7+ Kg8 48. Rb7 Rc8 49. Rxb6 Bc3 50. Rbxd6 Bb2 51. Rd7 Bc3 52. Ree7 Bb2 53. Ke4 Bc3 54. Nh6+ Kf8 55. Rf7+ Ke8 56. Rde7+ Kd8 57. Nf5 Bb4 58. Rf8# 1-0

[Event "Titled Tuesday intern op 08th Feb Early"]
[Site "Chess.com INT"]
[Date "2022.02.08"]
[Round "3"]
[White "Hoffmann, Asa"]
[Black "Funderburg, John T"]
[Result "1-0"]
[WhiteElo "2185"]
[BlackElo "2100"]
[PlyCount "45"]
[EventDate "2022.02.08"]
[EventType "swiss (blitz)"]
[EventRounds "11"]
[EventCountry "USA"]
[SourceTitle "CBM 206 Extra"]
[Source "ChessBase"]
[SourceDate "2022.03.31"]
[SourceVersion "1"]
[SourceVersionDate "2022.03.31"]
[SourceQuality "1"]

1. d4 Nf6 2. Bg5 d5 3. Nd2 c5 4. e3 Qb6 5. dxc5 Qxb2 6. Ngf3 Ne4 7. Nxe4 dxe4 8. Nd2 Nc6 9. Be2 e5 10. 0-0 Bxc5 11. Nxe4 Qa3 12. Qd5 Be7 13. Bxe7 Qxe7 14. Bb5 0-0 15. Qd6 Qxd6 16. Nxd6 Rd8 17. Rfd1 Ne7 18. Bc4 Be6 19. Bxe6 fxe6 20. Nxb7 Rdb8 21. Nc5 Rb2 22. Nxe6 Rxc2 23. Rac1 1-0

[Event "Titled Tuesday intern op 01st Feb-A"]
[Site "Chess.com INT"]
[Date "2022.02.01"]
[Round "1"]
[White "Funderburg, John T"]
[Black "Muthaiah, Al"]
[Result "1-0"]
[WhiteElo "2100"]
[BlackElo "2400"]
[PlyCount "59"]
[EventDate "2022.02.01"]
[EventType "swiss (blitz)"]
[EventRounds "11"]
[EventCountry "USA"]
[SourceTitle "CBM 206 Extra"]
[Source "ChessBase"]
[SourceDate "2022.03.31"]
[SourceVersion "1"]
[SourceVersionDate "2022.03.31"]
[SourceQuality "1"]

1. e4 d5 2. Nc3 dxe4 3. Nxe4 Bf5 4. Ng3 Bg6 5. Nf3 Nd7 6. d4 Ngf6 7. h4 h6 8. h5 Bh7 9. Bd3 Bxd3 10. Qxd3 e6 11. Bf4 Bd6 12. Qd2 Nd5 13. Bxd6 cxd6 14. c4 N5f6 15. 0-0 0-0 16. Rfe1 Rc8 17. b3 b6 18. Rad1 d5 19. Rc1 Re8 20. Ne5 dxc4 21. Nxc4 Qc7 22. Ne3 Qf4 23. Qd3 Qg5 24. Qe2 Red8 25. Rxc8 Rxc8 26. Rd1 Nd5 27. Nxd5 Qxd5 28. Ne4 Rc7 29. Qf3 Qf5 30. Qg3 1-0

[Event "Titled Tuesday intern op 04th Jan"]
[Site "Chess.com INT"]
[Date "2022.01.04"]
[Round "2"]
[White "Chernomordik, Pavel"]
[Black "Funderburg, John T"]
[Result "1-0"]
[WhiteElo "2182"]
[BlackElo "2100"]
[PlyCount "73"]
[EventDate "2022.01.04"]
[EventType "swiss (blitz)"]
[EventRounds "11"]
[EventCountry "USA"]
[SourceTitle "EXT 2023"]
[Source "ChessBase"]
[SourceDate "2022.10.05"]
[SourceVersion "1"]
[SourceVersionDate "2022.10.05"]
[SourceQuality "1"]

1. e4 e6 2. Nc3 d5 3. d4 Nf6 4. Bg5 Bb4 5. e5 h6 6. Bh4 g5 7. Bg3 Ne4 8. Nge2 c5 9. a3 Ba5 10. dxc5 Nxc3 11. Nxc3 Bxc3+ 12. bxc3 Qa5 13. Qd2 Nd7 14. h4 g4 15. h5 Nxc5 16. f3 gxf3 17. gxf3 Bd7 18. Bh4 Na4 19. Bf6 Rg8 20. c4 Qxd2+ 21. Kxd2 dxc4 22. Bxc4 Bc6 23. Rhg1 Kd7 24. Ke3 Kc7 25. f4 Nb6 26. Bb3 Nd5+ 27. Bxd5 Bxd5 28. Bg7 Rac8 29. Kd4 Kb6 30. Rab1+ Ka6 31. f5 Rxc2 32. Bxh6 Rc4+ 33. Kd3 Rh8 34. Be3 Rxh5 35. f6 Rh3 36. Rgc1 Rxc1 37. Rxc1 1-0

[Event "Titled Tuesday intern op 14th Dec"]
[Site "Chess.com INT"]
[Date "2021.12.14"]
[Round "2"]
[White "Funderburg, John T"]
[Black "Chernomordik, Pavel"]
[Result "0-1"]
[WhiteElo "2100"]
[BlackElo "2182"]
[PlyCount "46"]
[EventDate "2021.12.14"]
[EventType "swiss (blitz)"]
[EventRounds "11"]
[EventCountry "USA"]
[SourceTitle "EXT 2023"]
[Source "ChessBase"]
[SourceDate "2022.10.05"]
[SourceVersion "1"]
[SourceVersionDate "2022.10.05"]
[SourceQuality "1"]

1. e4 g6 2. d4 Bg7 3. Nc3 d6 4. Be3 a6 5. h4 h6 6. Bd3 b5 7. a3 Bb7 8. Nf3 Nd7 9. Ne2 c5 10. c3 Ngf6 11. Ng3 Ng4 12. h5 Nxe3 13. fxe3 g5 14. Nf5 Bf8 15. d5 e6 16. dxe6 fxe6 17. Ng3 Bg7 18. e5 Nxe5 19. Nxe5 Bxe5 20. Bg6+ Ke7 21. Qg4 Rf8 22. 0-0-0 Bxg2 23. Rh2 Bf3 0-1

[Event "Titled Tuesday intern op 30th Nov"]
[Site "Chess.com INT"]
[Date "2021.11.30"]
[Round "2"]
[White "Funderburg, John T"]
[Black "Okike, David"]
[Result "0-1"]
[WhiteElo "2100"]
[BlackElo "2177"]
[PlyCount "58"]
[EventDate "2021.11.30"]
[EventType "swiss (blitz)"]
[EventRounds "11"]
[EventCountry "USA"]
[SourceTitle "CBM 205 Extra"]
[Source "ChessBase"]
[SourceDate "2022.01.31"]
[SourceVersion "1"]
[SourceVersionDate "2022.01.31"]
[SourceQuality "1"]

1. e4 c5 2. Ne2 Nc6 3. d4 cxd4 4. Nxd4 Nf6 5. Nc3 d6 6. Bc4 Bd7 7. f3 Rc8 8. Bb3 a6 9. Be3 e6 10. Qd2 b5 11. 0-0-0 Ne5 12. Kb1 Qc7 13. g4 Nc4 14. Bxc4 Qxc4 15. g5 Nh5 16. Rhe1 b4 17. Nce2 g6 18. Nb3 Be7 19. Ng3 Ng7 20. f4 0-0 21. Bd4 Ra8 22. Bxg7 Kxg7 23. f5 Kg8 24. f6 Bd8 25. Qf4 Qb5 26. Qh4 Kh8 27. Qh6 Rg8 28. h4 Qe5 29. Rg1 Bc6 0-1

[Event "Titled Tuesday intern op 26th Oct"]
[Site "Chess.com INT"]
[Date "2021.10.26"]
[Round "1"]
[White "Funderburg, John T"]
[Black "Rozhkov, Viacheslav"]
[Result "0-1"]
[WhiteElo "2100"]
[BlackElo "2248"]
[PlyCount "58"]
[EventDate "2021.10.26"]
[EventType "swiss (blitz)"]
[EventRounds "11"]
[EventCountry "USA"]
[SourceTitle "CBM 204 Extra"]
[Source "ChessBase"]
[SourceDate "2021.11.30"]
[SourceVersion "1"]
[SourceVersionDate "2021.11.30"]
[SourceQuality "1"]

1. e4 c5 2. Ne2 Nc6 3. Nbc3 Nf6 4. d4 cxd4 5. Nxd4 d6 6. Be2 Bd7 7. 0-0 Rc8 8. Be3 g6 9. Qd2 Bg7 10. f3 0-0 11. Rfd1 Ne5 12. Qe1 Nc4 13. Bxc4 Rxc4 14. Qf2 a6 15. Rd2 b5 16. a3 Qc7 17. Rad1 Rc8 18. Nb3 Be6 19. Bb6 Qb8 20. Bd4 b4 21. axb4 Rxb4 22. Nd5 Bxd5 23. exd5 Bh6 24. Rd3 Rbc4 25. Bxf6 exf6 26. Nd4 Qxb2 27. Nc6 Rxc2 28. Qg3 Re8 29. Qh4 Rxg2+ 0-1

[Event "Titled Tuesday intern op 26th Oct"]
[Site "Chess.com INT"]
[Date "2021.10.26"]
[Round "5"]
[White "Funderburg, John T"]
[Black "Shton, Roman"]
[Result "0-1"]
[WhiteElo "2100"]
[BlackElo "2074"]
[PlyCount "84"]
[EventDate "2021.10.26"]
[EventType "swiss (blitz)"]
[EventRounds "11"]
[EventCountry "USA"]
[SourceTitle "CBM 204 Extra"]
[Source "ChessBase"]
[SourceDate "2021.11.30"]
[SourceVersion "1"]
[SourceVersionDate "2021.11.30"]
[SourceQuality "1"]

1. e4 Nf6 2. e5 Nd5 3. c4 Nb6 4. d4 d6 5. exd6 cxd6 6. Nc3 g6 7. Be3 Bg7 8. Rc1 0-0 9. Be2 Bf5 10. Nf3 Nc6 11. 0-0 d5 12. c5 Nc4 13. Bxc4 dxc4 14. d5 Ne5 15. Nxe5 Bxe5 16. b3 Bd3 17. Re1 Bxc3 18. Rxc3 Qxd5 19. bxc4 Bxc4 20. Qxd5 Bxd5 21. a3 f6 22. Rd1 Bc6 23. Rcd3 Kf7 24. f3 Ke6 25. Kf2 Bb5 26. Rd4 Kf7 27. a4 Bc6 28. a5 Rac8 29. R4d2 Ba4 30. Rb1 Bc6 31. Rbd1 e5 32. Rd6 Ke7 33. g4 g5 34. Kg3 Rfd8 35. Rxd8 Rxd8 36. Rxd8 Kxd8 37. Kf2 Kd7 38. Ke2 Ke6 39. Bf2 Kd5 40. Be3 Kc4 41. Kd2 Kb4 42. Ke2 Kxa5 0-1

[Event "Titled Tuesday intern op 05th Oct"]
[Site "Chess.com INT"]
[Date "2021.10.05"]
[Round "3"]
[White "Boydia, Sidi"]
[Black "Funderburg, John T"]
[Result "1-0"]
[WhiteElo "2040"]
[BlackElo "2100"]
[PlyCount "85"]
[EventDate "2021.10.05"]
[EventType "swiss (blitz)"]
[EventRounds "11"]
[EventCountry "USA"]
[SourceTitle "CBM 204 Extra"]
[Source "ChessBase"]
[SourceDate "2021.11.30"]
[SourceVersion "1"]
[SourceVersionDate "2021.11.30"]
[SourceQuality "1"]

1. e4 e6 2. d4 d5 3. Nd2 Nc6 4. Ngf3 Nf6 5. Bd3 Nb4 6. Qe2 Nxd3+ 7. Qxd3 Be7 8. 0-0 0-0 9. b3 b6 10. Bb2 Bb7 11. e5 Ne4 12. Qe3 Nxd2 13. Qxd2 c5 14. c3 Rc8 15. a3 Qd7 16. b4 cxd4 17. cxd4 Rc7 18. Rac1 Rfc8 19. Rxc7 Rxc7 20. Rc1 Ba6 21. Rxc7 Qxc7 22. Qc3 Qxc3 23. Bxc3 Bc4 24. Nd2 b5 25. f3 Kf8 26. Kf2 Ke8 27. Ke3 Kd7 28. f4 h6 29. Nf3 Bf1 30. g4 Bg2 31. Ne1 Be4 32. Nd3 f5 33. gxf5 Bxf5 34. Nc5+ Ke8 35. Na6 Kd7 36. Be1 g5 37. Bg3 Kc6 38. Nb8+ Kb6 39. Nd7+ Kc7 40. Nf6 Kb6 41. fxg5 hxg5 42. h4 gxh4 43. Bxh4 1-0

[Event "Titled Tuesday intern op 05th Oct"]
[Site "Chess.com INT"]
[Date "2021.10.05"]
[Round "2"]
[White "Funderburg, John T"]
[Black "Kabanov, Nikolai"]
[Result "0-1"]
[WhiteElo "2100"]
[BlackElo "2467"]
[PlyCount "44"]
[EventDate "2021.10.05"]
[EventType "swiss (blitz)"]
[EventRounds "11"]
[EventCountry "USA"]
[SourceTitle "CBM 204 Extra"]
[Source "ChessBase"]
[SourceDate "2021.11.30"]
[SourceVersion "1"]
[SourceVersionDate "2021.11.30"]
[SourceQuality "1"]

1. e4 e5 2. Nf3 Nc6 3. Bc4 Bc5 4. b4 Bxb4 5. c3 Ba5 6. d4 exd4 7. 0-0 Nf6 8. cxd4 Nxe4 9. Ba3 d5 10. Bb5 Nd6 11. Bxc6+ bxc6 12. Ne5 Bd7 13. Qc2 0-0 14. Nxc6 Bxc6 15. Qxc6 Re8 16. Nc3 Bxc3 17. Qxc3 Nc4 18. Bc5 Qf6 19. Rfe1 a6 20. h3 h6 21. Rab1 Nd6 22. Qg3 Ne4 0-1

[Event "Titled Tuesday intern op 21st Sept"]
[Site "Chess.com INT"]
[Date "2021.09.21"]
[Round "1"]
[White "Funderburg, John T"]
[Black "Bychkov, Vladimir"]
[Result "0-1"]
[WhiteElo "2100"]
[BlackElo "2303"]
[PlyCount "36"]
[EventDate "2021.09.21"]
[EventType "swiss (blitz)"]
[EventRounds "9"]
[EventCountry "USA"]
[SourceTitle "EXT 2022"]
[Source "ChessBase"]
[SourceDate "2021.10.06"]
[SourceVersion "1"]
[SourceVersionDate "2021.10.06"]
[SourceQuality "1"]

1. e4 c6 2. d4 d5 3. e5 Bf5 4. h4 h5 5. Bg5 Qa5+ 6. c3 f6 7. exf6 gxf6 8. Bf4 Nd7 9. Bd3 Bxd3 10. Qxd3 e5 11. Qg6+ Kd8 12. dxe5 fxe5 13. Bg5+ Kc7 14. Nd2 Nh6 15. Ngf3 Ng4 16. 0-0 Bd6 17. b4 Qa3 18. Nb3 Qb2 0-1

[Event "Titled Tuesday intern op 14th Sept"]
[Site "Chess.com INT"]
[Date "2021.09.14"]
[Round "3"]
[White "Senthilkumar, Pranav"]
[Black "Funderburg, John T"]
[Result "1-0"]
[WhiteElo "1871"]
[BlackElo "2100"]
[PlyCount "75"]
[EventDate "2021.09.14"]
[EventType "swiss (blitz)"]
[EventRounds "11"]
[EventCountry "USA"]
[SourceTitle "EXT 2022"]
[Source "ChessBase"]
[SourceDate "2021.10.06"]
[SourceVersion "1"]
[SourceVersionDate "2021.10.06"]
[SourceQuality "1"]

1. d4 Nf6 2. c4 e6 3. Nf3 Bb4+ 4. Bd2 Qe7 5. e3 Nc6 6. a3 Bxd2+ 7. Nbxd2 a5 8. Bd3 d6 9. b3 0-0 10. 0-0 e5 11. d5 Nb8 12. Ne4 Nxe4 13. Bxe4 f5 14. Bc2 Na6 15. Qd2 b6 16. b4 axb4 17. axb4 Bd7 18. Ra2 c5 19. Rfa1 Nc7 20. bxc5 bxc5 21. Ra7 Rxa7 22. Rxa7 Qd8 23. Qa5 Na8 24. Qa6 Nb6 25. Rb7 Bc8 26. Qxb6 Bxb7 27. Qxb7 h6 28. h4 Qb8 29. Qd7 Qd8 30. Qe6+ Kh8 31. Bxf5 Rf6 32. Qd7 Qf8 33. e4 g6 34. Be6 Rxf3 35. gxf3 Qxf3 36. Qe8+ Kg7 37. Qg8+ Kf6 38. Qf7# 1-0

[Event "Titled Tuesday intern op 10th Aug"]
[Site "Chess.com INT"]
[Date "2021.08.10"]
[Round "6"]
[White "Funderburg, John T"]
[Black "Gallegos, Carlos"]
[Result "0-1"]
[WhiteElo "2100"]
[BlackElo "2374"]
[PlyCount "40"]
[EventDate "2021.08.10"]
[EventType "swiss (blitz)"]
[EventRounds "11"]
[EventCountry "USA"]
[SourceTitle "CBM 203 Extra"]
[Source "ChessBase"]
[SourceDate "2021.09.30"]
[SourceVersion "1"]
[SourceVersionDate "2021.09.30"]
[SourceQuality "1"]

1. e4 d6 2. d4 Nf6 3. Nc3 c6 4. Nf3 Qa5 5. Bd3 e5 6. dxe5 dxe5 7. h3 Be7 8. 0-0 0-0 9. a4 Nbd7 10. Bd2 Qc7 11. Bc4 h6 12. Qe2 Re8 13. Nh4 Nc5 14. Nf5 Bf8 15. g4 Be6 16. Bxe6 Nxe6 17. Qf3 Nd4 18. Qg3 Bb4 19. h4 Bxc3 20. Bxc3 Ne2+ 0-1

[Event "Titled Tuesday intern op 10th Aug"]
[Site "Chess.com INT"]
[Date "2021.08.10"]
[Round "2"]
[White "Miszler, Levente"]
[Black "Funderburg, John T"]
[Result "1-0"]
[WhiteElo "2251"]
[BlackElo "2100"]
[PlyCount "71"]
[EventDate "2021.08.10"]
[EventType "swiss (blitz)"]
[EventRounds "11"]
[EventCountry "USA"]
[SourceTitle "CBM 203 Extra"]
[Source "ChessBase"]
[SourceDate "2021.09.30"]
[SourceVersion "1"]
[SourceVersionDate "2021.09.30"]
[SourceQuality "1"]

1. Nf3 d5 2. c4 c6 3. b3 Bf5 4. d3 e6 5. Bb2 Nf6 6. Nbd2 h6 7. g3 Be7 8. Bg2 0-0 9. 0-0 Bh7 10. Re1 Nbd7 11. e4 dxe4 12. dxe4 Nc5 13. e5 Nfd7 14. Ba3 a5 15. Re3 Re8 16. Qe2 Qc7 17. Nd4 Bf8 18. Rd1 Red8 19. Bxc5 Nxc5 20. Ne4 Nxe4 21. Bxe4 Bxe4 22. Rxe4 a4 23. Re3 axb3 24. axb3 Qb6 25. Red3 Bc5 26. Nf3 Rxd3 27. Rxd3 Ra1+ 28. Kg2 Qa5 29. Qc2 Ra2 30. Rd8+ Bf8 31. Qd3 Qb6 32. Rd4 Rb2 33. Nd2 g6 34. Rd8 Kg7 35. Rd7 Bb4 36. Qf3 1-0

[Event "Titled Tuesday intern op 20th July"]
[Site "Chess.com INT"]
[Date "2021.07.20"]
[Round "2"]
[White "Pedzich, Dominik"]
[Black "Funderburg, John T"]
[Result "1-0"]
[WhiteElo "2373"]
[BlackElo "2100"]
[PlyCount "49"]
[EventDate "2021.07.20"]
[EventType "swiss (blitz)"]
[EventRounds "11"]
[EventCountry "USA"]
[SourceTitle "CBM 203 Extra"]
[Source "ChessBase"]
[SourceDate "2021.09.30"]
[SourceVersion "1"]
[SourceVersionDate "2021.09.30"]
[SourceQuality "1"]

1. e4 e6 2. d4 d5 3. exd5 exd5 4. c4 c6 5. Nc3 Nf6 6. Bd3 Bb4 7. Nf3 0-0 8. 0-0 h6 9. h3 dxc4 10. Bxc4 Bf5 11. Re1 Nbd7 12. Qb3 a5 13. Ne5 Nb6 14. Bxf7+ Kh8 15. Be6 Bxc3 16. bxc3 Nfd5 17. Nf7+ Rxf7 18. Bxf7 Qf6 19. Bxd5 Nxd5 20. Bd2 Qg6 21. Kh2 Rf8 22. c4 Bxh3 23. Qxh3 Rxf2 24. Bxh6 gxh6 25. cxd5 1-0

[Event "Titled Tuesday intern op 06th July"]
[Site "Chess.com INT"]
[Date "2021.07.06"]
[Round "8"]
[White "Bures, Vit"]
[Black "Funderburg, John T"]
[Result "0-1"]
[WhiteElo "2144"]
[BlackElo "2100"]
[PlyCount "50"]
[EventDate "2021.07.06"]
[EventType "swiss (blitz)"]
[EventRounds "11"]
[EventCountry "USA"]
[SourceTitle "EXT 2022"]
[Source "ChessBase"]
[SourceDate "2021.10.06"]
[SourceVersion "1"]
[SourceVersionDate "2021.10.06"]
[SourceQuality "1"]

1. d4 Nf6 2. c4 e6 3. Nc3 Bb4 4. e3 Nc6 5. Bd3 0-0 6. Nge2 d6 7. 0-0 Bxc3 8. Nxc3 e5 9. d5 Ne7 10. e4 h6 11. f3 g5 12. Be3 Ng6 13. c5 Nf4 14. Rc1 Kh8 15. cxd6 cxd6 16. Nb5 g4 17. Nc7 Rb8 18. Bxa7 gxf3 19. gxf3 Rg8+ 20. Kh1 Bh3 21. Rg1 Bg2+ 22. Rxg2 Rxg2 23. Bxb8 Ng4 24. Rc2 Ne3 25. Qc1 Nxc2 0-1